000 02050nam a2200361 a 4500
001 BRCA_8604
005 20190320210337.0
008 070916s1746----mx-#######---#000-0#spa-#
041 _aspa
044 _amx
050 4 _aF1386
_b.C33 1746
100 1 _aCabrera y Quintero, Cayetano de
_921506
245 1 0 _aEscudo de armas de México
_bcelestial proteccion de esta nobilissima ciudad de la Nueva España y de casi todo el nuevo mundo, Maria santissima, en su portentosa imagen del mexicano Guadalupe, milagrosamente apparecida en el palacio arzobispal el año de 1531 y jurada su principal patrona el passado de 1737. En la angustia que ocasionó la pestilencia, que cebada con mayor rigor en los indios, mitigó sus ardores al abrigo de tanta sombra
_cJuan Antonio de Vizarron y Eguiarreta, Cayetano de Cabrera y Quintero.
260 _aMéxico
_bViuda de D. Joseph Bernardo de Hogal
_c1746
300 _a[32], 522 p., [24]
_c29 cm.
500 _aFondo Antiguo. Se encuentra en Caja Fuerte
500 _aW-148
500 _aGrabado en contraportada
500 _aPortada impresa a dos tintas negro y rojo
500 _aCon dedicatoria : A la augusta magestad de nuestro rey y señor, El señor Don Fernando Sexto, Rey de las Españas y Emperador de las Indias
500 _aCon lincencia del Superior Gobierno, Licencia del ordinario y Erratas
500 _aIncluye prólogo, apéndice e índice de cosas notables
500 _aUso de letras capitulares y viñetas al final de cada capítulo
500 _aEstado físico : presentan rotura en el texto las páginas 163-168, p. 281-282 y últimas 2 hojas manchadas, guardas desprendidas
500 _aNota de encuadernación : piel pergamino
506 0 _aFondo reservado : para su consulta es necesario credencial de usuario y carta de motivos
650 1 4 _aVirgen de Guadalupe
_921507
650 1 4 _aEpidemias
_xHistoria
_zMéxico
_921508
650 1 4 _aHistoria
_zMéxico
_910416
700 1 _aVizarron y Eguiarreta, Juan Antonio de
_921509
902 _aLAR
942 _2lcc
_cB
999 _c8267
_d8267